[Event "34th TCh-GRE"]
[Site "Ermioni Argolidas GRE"]
[Date "2005.07.07"]
[Round "4"]
[White "Komninos,N"]
[Black "Kotronias,V"]
[Result "0-1"]
[WhiteElo "2157"]
[BlackElo "2587"]

1.d4 Nf6 2.c4 g6 3.Nc3 Bg7 4.e4 d6 5.Be2 O-O 6.Nf3 e5 7.d5 a5 8.O-O Na6 9.Nd2 Nc5
10.Rb1 Ne8 11.b3 f5 12.a3 Nf6 13.b4 axb4 14.axb4 Ncxe4 15.Ndxe4 Nxe4 16.Nxe4 fxe4
17.Be3 h5 18.c5 Kh7 19.Qd2 Rf7 20.Rfc1 Bf5 21.Rc3 Bh6 22.Rbc1 Bxe3 23.Qxe3 Ra4
24.Rc4 Ra2 25.h3 h4 26.c6 b6 27.R1c2 Ra1+ 28.Rc1 Ra2 29.R1c2 Ra8 30.Rc1 Kg7
31.Rb1 Qh8 32.Rcc1 Qh6 33.Ra1 Rff8 34.b5 Qf4 35.Ra6 Rae8 36.Ra7 Re7 37.Rca1 Rff7
38.Ra8 Rf8 39.Rxf8 Kxf8 40.Ra7 g5 41.Ra8+ Kg7 42.Ra7 Kh6 43.Ra8 Bg6 44.Bg4 Bf7
45.Rh8+ Kg7 46.Ra8 Bxd5 47.Bd7 Qxe3 48.fxe3 Bc4  0-1

[Event "DMP 1st League"]
[Site "Koszalin POL"]
[Date "2005.07.07"]
[Round "3"]
[White "Siwiec,A"]
[Black "Pigula,M"]
[Result "0-1"]
[WhiteElo "1793"]
[BlackElo "2010"]

1.d4 Nf6 2.c4 g6 3.Nc3 Bg7 4.e4 d6 5.Nf3 O-O 6.Be2 e5 7.d5 Nbd7 8.h3 a5 9.Bg5 h6
10.Be3 Ne8 11.g4 Nc5 12.Rg1 b6 13.Qd2 Kh7 14.O-O-O Bd7 15.Ne1 Qb8 16.h4 a4
17.Nc2 Ra5 18.Rg3 Qa8 19.Na3 Qc8 20.Bf3 Nb7 21.Kb1 Nc5 22.Rdg1 Qb8 23.Qe2 Qd8
24.g5 h5 25.Bxh5 gxh5 26.Qxh5+ Kg8 27.Qe2 f5 28.Bxc5 bxc5 29.f3 f4 30.R3g2 Qe7
31.h5 Rf7 32.Qf2 Bf8 33.g6 Rf6 34.Qh4 Bh6 35.g7 Nxg7 36.Rg6 Rxg6 37.Qxe7 Rxg1+
38.Kc2 Rg2+ 39.Kc1 Be8 40.Qxc7  0-1

[Event "DS"]
[Site "Brno CZE"]
[Date "2005.07.08"]
[Round "9"]
[White "Bartos,J"]
[Black "Ponizil,C"]
[Result "1-0"]
[WhiteElo "2293"]
[BlackElo "2156"]

1.d4 Nf6 2.c4 g6 3.Nc3 Bg7 4.e4 d6 5.Nf3 O-O 6.Be2 e5 7.dxe5 dxe5 8.Qxd8 Rxd8
9.Bg5 Nbd7 10.O-O-O Rf8 11.Nd5 c6 12.Ne7+ Kh8 13.Be3 Re8 14.Nxc8 Raxc8 15.g4 Nf8
16.Nd2 Ne6 17.g5 Nd7 18.Nb3 Rc7 19.Bg4 Ndf8 20.h4 Nd4 21.h5 Kg8 22.h6 Bh8
23.Nxd4 exd4 24.Bxd4 Bxd4 25.Rxd4 c5 26.Rd6 Rxe4 27.f3 Rxc4+ 28.Kb1 Rd4 29.Rd1 Rxd1+
30.Rxd1 Re7 31.Rd8 Re5 32.f4 Re1+ 33.Kc2 Rf1 34.Ra8 Rxf4 35.Bc8 Ra4 36.a3 b5
37.Bd7 a6 38.Bc8 a5 39.Ba6 b4 40.axb4 axb4 41.Kb3 Ra1 42.Ra7 Rd1 43.Bc4 Rd7
44.Ra8 Rd1 45.Rc8 Rg1 46.Rxc5 Rg4 47.Kxb4 Ne6 48.Rc8+ Nf8 49.Ka4 Rxg5 50.b4 Rg1
51.b5  1-0

[Event "34th TCh-GRE"]
[Site "Ermioni Argolidas GRE"]
[Date "2005.07.08"]
[Round "5"]
[White "Grivas,E"]
[Black "Hadzidakis,M"]
[Result "1/2-1/2"]
[WhiteElo "2515"]
[BlackElo "2271"]

1.d4 Nf6 2.c4 d6 3.Nc3 Nbd7 4.e4 e5 5.Nf3 g6 6.Be2 Bg7 7.O-O O-O 8.Qc2 c6
9.Rd1 Qc7 10.b3 Re8 11.d5 a5 12.dxc6 Qxc6 13.Be3 Nc5 14.Nd2 Ne6 15.Bf3 Nd7
16.Nb5 Nd4 17.Bxd4 exd4 18.e5 d5 19.Bxd5 Qb6 20.Ne4 Nxe5 21.Qd2 Be6 22.Nxd4 Nxc4
23.bxc4 Bxd5 24.c5 Qb4 25.Nd6 Red8 26.Rab1 Qxc5 27.N4f5 gxf5 28.Qxd5 Qxd5
29.Rxd5 Bf8 30.Rbd1 Bxd6 31.Rxd6 Rxd6 32.Rxd6 Rc8 33.g3 Rc2 34.Rb6 Rxa2 35.Rxb7 Kg7
36.Rb6 a4 37.Ra6 a3 38.Kg2 f6  1/2-1/2

[Event "20th North Sea Cup"]
[Site "Esbjerg DEN"]
[Date "2005.07.08"]
[Round "8"]
[White "Belov,Vl"]
[Black "Solleveld,Maa"]
[Result "1/2-1/2"]
[WhiteElo "2596"]
[BlackElo "2453"]

1.d4 Nf6 2.c4 g6 3.Nc3 Bg7 4.e4 d6 5.Nf3 O-O 6.Be2 e5 7.d5 a5 8.h3 Na6 9.Bg5 h6
10.Be3 Nc5 11.Nd2 Bd7 12.g4 c6 13.h4 Rb8 14.a4 Nh7 15.Nb3 Nxb3 16.Qxb3 c5
17.Qc2 Re8 18.f3 Bf6 19.Bf2 g5 20.h5  1/2-1/2

[Event "VISUS Open"]
[Site "Prague CZE"]
[Date "2005.07.08"]
[Round "7"]
[White "Tejkal,J"]
[Black "Baran,Pe"]
[Result "1-0"]
[WhiteElo "2033"]
[BlackElo "2173"]

1.d4 Nf6 2.Nf3 g6 3.c4 Bg7 4.Nc3 O-O 5.e4 d6 6.Be2 Nbd7 7.O-O e5 8.Re1 h6
9.Bf1 Re8 10.d5 a5 11.b3 b6 12.Rb1 Nf8 13.Qc2 Nh5 14.Bd3 g5 15.g3 Bh3 16.Nd1 Ng6
17.a3 Qd7 18.Ne3 Ne7 19.Nd2 Bf8 20.b4 axb4 21.axb4 Nf4 22.gxf4 gxf4 23.Nf5 Kh8
24.Kh1 Bg7 25.Nxe7 Qxe7 26.Nf3 Bf6 27.Bb2 Bg5 28.Rg1 f6 29.Qd1 Qf7 30.Nd2 Rg8
31.Be2 f5 32.Bf1 Bg4 33.f3 Bh5 34.Bh3 Bg6 35.Bxf5 Bxf5 36.exf5 Qxf5 37.Ne4 Bh4
38.Qe2 Rxg1+ 39.Rxg1 Qh5 40.Qg2 Qf7 41.Qh3  1-0

[Event "2nd S Wales Int"]
[Site "Caerleon WLS"]
[Date "2005.07.09"]
[Round "1"]
[White "Bernhardsson,S"]
[Black "Cobb,J"]
[Result "0-1"]
[WhiteElo "2138"]
[BlackElo "2343"]

1.d4 Nf6 2.c4 g6 3.Nc3 Bg7 4.e4 d6 5.Nf3 O-O 6.Be2 Nbd7 7.O-O e5 8.Be3 Ng4
9.Bg5 f6 10.Bh4 Nh6 11.d5 g5 12.Bg3 f5 13.exf5 Nxf5 14.Ne4 h6 15.Rc1 Nf6
16.Nxf6+ Qxf6 17.c5 g4 18.Nd2 h5 19.h3 gxh3 20.Ne4 Qh6 21.Bxh5 Nd4 22.cxd6 Bf5
23.Re1 cxd6 24.Bg4 hxg2 25.Kxg2 Qg6 26.Bxf5 Rxf5 27.Rc7 Raf8 28.Rd7 Nf3 29.Re2 Rh5
30.Re3 Rh2+  0-1

[Event "57th ch-Montenegro"]
[Site "Cetinje SCG"]
[Date "2005.07.09"]
[Round "2"]
[White "Nisic,H"]
[Black "Cvorovic,M"]
[Result "0-1"]
[WhiteElo "2110"]
[BlackElo "2229"]

1.Nf3 Nf6 2.c4 g6 3.Nc3 Bg7 4.e4 d6 5.d4 O-O 6.Be2 e5 7.dxe5 dxe5 8.Rf1 c6
9.Be3 Qc7 10.Qc2 Rd8 11.Bd3 Bg4 12.Nd2 Qd6 13.Be2 Bxe2 14.Kxe2 Ng4 15.Bg5 f6
16.Bh4 Nxh2 17.Rh1 Ng4 18.Rad1 Na6 19.a3 Qe7 20.f3 Nh6 21.b4 Nc7 22.Bf2 Ne6
23.Nb3 Nf7 24.g3 g5 25.Na4 g4 26.fxg4 Neg5 27.Rh4 Rxd1 28.Kxd1 Nd6 29.Bc5 Nf3
30.Qd3 Nxh4 31.Bxd6 Rd8 32.c5 Ng6 33.Kc2 Qe6 34.Qe2 Bf8 35.Bc7 Rc8 36.Ba5 Be7
37.Nb2 Nf8 38.Nc4 Nd7 39.Kc3 Kh8 40.a4 Rg8 41.Ne3 b6 42.Qc4 Qxc4+ 43.Kxc4 bxa5
44.Nxa5 Rc8 45.Nf5 Bf8 46.Nb7 a6 47.Nbd6 Rb8 48.b5 axb5+ 49.axb5 cxb5+ 50.Kd5 Nxc5
51.Kxc5 b4 52.Kd5 Rd8  0-1

[Event "IM"]
[Site "Condom FRA"]
[Date "2005.07.09"]
[Round "1"]
[White "Beudaert,X"]
[Black "Bijaoui,M"]
[Result "1-0"]
[WhiteElo "2358"]
[BlackElo "2338"]

1.Nf3 Nf6 2.c4 g6 3.Nc3 Bg7 4.e4 d6 5.d4 O-O 6.Be2 e5 7.Be3 Ng4 8.Bg5 f6
9.Bh4 g5 10.Bg3 Nh6 11.d5 f5 12.exf5 Nxf5 13.Ne4 h6 14.h4 g4 15.Nfd2 Nd4
16.Bd3 c6 17.Nf1 cxd5 18.cxd5 Qa5+ 19.Nc3 e4 20.Bxe4 Re8 21.Nd2 Bf5 22.O-O Qd8
23.Bxf5 Nxf5 24.Qxg4 Nxg3 25.Qxg3 Kh8 26.Nc4  1-0

[Event "DMP 1st League"]
[Site "Koszalin POL"]
[Date "2005.07.09"]
[Round "6"]
[White "Wesolowska,M"]
[Black "Kulon,K"]
[Result "1-0"]
[WhiteElo "2020"]
[BlackElo "2069"]

1.d4 Nf6 2.c4 g6 3.Nc3 Bg7 4.e4 d6 5.Nf3 O-O 6.Be2 e5 7.O-O exd4 8.Nxd4 Re8
9.f3 Nh5 10.Rb1 Qh4 11.f4 a6 12.Be3 Nc6 13.Nxc6 bxc6 14.Bxh5 Qxh5 15.Bd4 Bg4
16.Qd3 Bxd4+ 17.Qxd4 Be2 18.Rfe1 c5 19.Qd5 Qxd5 20.Nxd5 Bxc4 21.Nf6+ Kf8
22.Nxe8 Rxe8 23.e5 Bxa2 24.Ra1 Bc4 25.b3 Bxb3 26.Rxa6 c4 27.Rc6 Re7 28.Kf2 d5
29.Ke3 Ba4 30.Ra6 Bb5 31.Ra8+ Re8 32.Rxe8+ Kxe8 33.Kd4 c6 34.g4 Kd7 35.h4 Ba4
36.Ra1 Bc2 37.Ra7+ Ke8 38.Ra8+ Ke7 39.Ra7+ Ke8 40.Rc7 Ba4 41.f5 gxf5 42.gxf5 h5
43.e6 fxe6 44.fxe6 Kd8 45.Ra7 Bd1 46.Ke5 Bg4 47.e7+ Ke8 48.Kf6 Bc8 49.Ra8 Kd7
50.Rxc8 Kxc8 51.e8=Q+ Kb7 52.Ke5 Kb6 53.Qb8+ Kc5 54.Qa7+ Kb4 55.Kd4  1-0

[Event "ZS"]
[Site "Brno CZE"]
[Date "2005.07.10"]
[Round "11"]
[White "Kozak,Mi"]
[Black "Groetz,H"]
[Result "1-0"]
[WhiteElo "2257"]
[BlackElo "2311"]

1.d4 Nf6 2.c4 g6 3.Nc3 Bg7 4.e4 d6 5.Nf3 O-O 6.Be2 e5 7.Be3 Ng4 8.Bg5 f6
9.Bc1 Na6 10.O-O Qe8 11.h3 Nh6 12.Be3 Nf7 13.Re1 Kh8 14.Qc2 f5 15.dxe5 Nxe5
16.Nxe5 dxe5 17.exf5 gxf5 18.f4 e4 19.Qd2 c5 20.Nd5 Be6 21.Red1 Qf7 22.Rab1 Rfd8
23.Qa5 Rac8 24.Rd2 Rd6 25.a3 Nb8 26.Qa4 b6 27.b4 cxb4 28.axb4 b5 29.Qxb5 Bd7
30.Qb7 Ra6 31.Bxa7 Rxa7 32.Qxa7 Nc6 33.Qe3  1-0

[Event "34th TCh-GRE"]
[Site "Ermioni Argolidas GRE"]
[Date "2005.07.10"]
[Round "8"]
[White "Halkias,S"]
[Black "Hadzidakis,M"]
[Result "1-0"]
[WhiteElo "2548"]
[BlackElo "2271"]

1.d4 Nf6 2.Nf3 d6 3.c4 Nbd7 4.Nc3 g6 5.e4 e5 6.Be2 Bg7 7.O-O O-O 8.Be3 c6
9.d5 c5 10.Ne1 Re8 11.a3 Re7 12.b4 b6 13.Kh1 Ne8 14.g4 f5 15.gxf5 gxf5 16.exf5 e4
17.Rg1 Kh8 18.Rc1 Ndf6 19.Ng2 Bxf5 20.Nh4 Bc8 21.Qd2 Rb8 22.Rg3 Rbb7 23.Rcg1 Rf7
24.Ng2 Rbe7 25.Nf4 Re5 26.Qd1 Bf8 27.Nh5 Ng7 28.Nxf6 Qxf6 29.Qf1 Qd8 30.Qg2 Bf5
31.Bh5 Rfe7 32.Bf4 Qc7 33.Nb5 Qd7 34.Bxe5 Rxe5 35.Bg4 Bxg4 36.Rxg4 a6 37.Nxd6 Rh5
38.bxc5 bxc5 39.Nxe4 Qf7 40.Ng5 Qf6  1-0

[Event "Maccabiah GM"]
[Site "Jerusalem ISR"]
[Date "2005.07.10"]
[Round "1"]
[White "Porat,S"]
[Black "Igla,B"]
[Result "1-0"]
[WhiteElo "2416"]
[BlackElo "2299"]

1.d4 Nf6 2.c4 g6 3.Nc3 Bg7 4.e4 O-O 5.Nf3 d6 6.Be2 e5 7.O-O Na6 8.Re1 c6
9.d5 Nc5 10.Qc2 a5 11.Be3 Ncd7 12.Rad1 c5 13.Bg5 h6 14.Bh4 Re8 15.Nd2 Bf8
16.Nf1 Be7 17.Nb5 Rf8 18.Ne3 Ne8 19.Bg3 Bg5 20.Bd3 Nb8 21.b3 Ng7 22.f3 Na6
23.a3 Nc7 24.Bf2 Nce8 25.b4 b6 26.bxc5 bxc5 27.Rb1 f5 28.exf5 gxf5 29.Nc3 Ra7
30.Rb8 Raf7 31.Qa4 Qc7 32.Ra8 Bd8 33.Rb1 Bd7 34.Qc2 f4 35.Ng4 Bxg4 36.fxg4 Qe7
37.Bh7+ Kh8 38.Bg6 Rf6 39.Bh4  1-0

[Event "VISUS Open"]
[Site "Prague CZE"]
[Date "2005.07.10"]
[Round "9"]
[White "Taborsky,R"]
[Black "Picek,M"]
[Result "1-0"]
[WhiteElo "2204"]
[BlackElo "2103"]

1.c4 Nf6 2.Nf3 g6 3.d4 Bg7 4.Nc3 d6 5.e4 O-O 6.Be2 e5 7.O-O exd4 8.Nxd4 Nc6
9.Be3 Re8 10.f3 Ne5 11.Qd2 Be6 12.b3 Nc6 13.Rad1 Nd7 14.f4 Nxd4 15.Bxd4 f6
16.Bf3 c6 17.Rfe1 Bf7 18.Bf2 Bf8 19.Ne2 a5 20.Qb2 Qc7 21.Bd4 Bg7 22.Ng3 h5
23.Ne2 Nc5 24.Bxf6 Bxf6 25.Qxf6 Nxe4 26.Bxe4 Rxe4 27.Ng3 Qb6+ 28.Kf1 Re3
29.Rxe3 Qxe3 30.Qxd6 h4 31.Ne2 Re8 32.Qd3 a4 33.Qxe3 Rxe3 34.Nc1 axb3 35.axb3 Rxb3
36.Nxb3 Bxc4+ 37.Kf2 Bxb3 38.Rd8+ Kf7 39.Rd7+ Ke6 40.Rxb7 Bd5 41.Rc7 Kf5
42.g3 hxg3+ 43.hxg3 Ke4 44.Rg7 Kf5 45.Re7 Be6 46.Ke3 c5 47.Rc7 c4 48.Rc5+ Kf6
49.Kd4 Bf7 50.g4 Be6 51.g5+ Ke7 52.Ke5 Kd7 53.Ra5 Bf5 54.Ra7+ Kc6 55.Kd4 Bd3
56.Rf7 Kd6 57.Rf6+ Kd7 58.f5 Bxf5 59.Kxc4 Ke7 60.Kd5 Bb1 61.Ke5 Bc2 62.Rc6 Bf5
63.Rc7+  1-0

[Event "Andorra Open"]
[Site "Andorra la Vella AND"]
[Date "2005.07.11"]
[Round "3"]
[White "Tratar,M"]
[Black "Arizmendi Martinez,J"]
[Result "1/2-1/2"]
[WhiteElo "2419"]
[BlackElo "2504"]

1.Nf3 Nf6 2.c4 g6 3.Nc3 Bg7 4.e4 d6 5.d4 O-O 6.Be2 c6 7.O-O e5 8.d5 Na6 9.Be3 Ng4
10.Bg5 f6 11.Bh4 h5 12.Ne1 Nh6 13.h3 c5 14.Nd3 g5 15.Bg3 f5 16.Bxh5 f4 17.Bh2 Nb8
18.Rb1 Nd7 19.Be2 Nf6 20.f3 Nf7 21.Nf2 a5 22.a3 Re8 23.b4 axb4 24.axb4 b6
25.Qb3 Re7 26.Ra1 Rea7 27.Rxa7 Rxa7 28.Rb1 Bd7 29.bxc5 bxc5 30.Qb8 Qxb8 31.Rxb8+ Bf8
32.Kf1 Ra1+ 33.Nfd1 Kg7 34.Bg1 Be7 35.Bf2 Bd8 36.Rb1 Rxb1 37.Nxb1 Ba5 38.Nb2 Bc8
39.Bd1 Nh8 40.Ba4 Ng6 41.Bb5 Nh5 42.Be8 Nf6 43.Bxg6 Kxg6 44.Be1 Bxe1 45.Kxe1 Kf7
46.Nc3 Ke7 47.Kf2 Bd7 48.Nba4 Bxa4 49.Nxa4 Nh5 50.Nc3 Kd8 51.Ke1 Kd7 52.Nd1 Ng3
53.Nf2 Ke7 54.Ng4 Kf7 55.Kd2 Nf1+ 56.Kd3 Ke7 57.Nh6 Ng3 58.Kd2 Nf1+ 59.Kd3 Ng3
60.Kc2 Nf1 61.Nf5+ Kd7 62.Kd3 Ng3 63.Ng7 Ke7 64.Ne6 Kf6 65.Nc7 Ke7 66.Ne6 Kf6
67.Nc7 Ke7 68.Nb5 Kd7 69.Nc3 Ke7 70.Nb5  1/2-1/2

[Event "Open"]
[Site "Barbera del Valles ESP"]
[Date "2005.07.11"]
[Round "8"]
[White "Moor,O"]
[Black "Sanchez Romero,M"]
[Result "1-0"]
[WhiteElo "2374"]
[BlackElo "2197"]

1.Nf3 Nf6 2.d4 g6 3.c4 Bg7 4.Nc3 O-O 5.e4 d6 6.Be2 e5 7.Be3 Nbd7 8.O-O exd4
9.Nxd4 Re8 10.f3 a6 11.Qd2 c6 12.Rfd1 d5 13.cxd5 cxd5 14.exd5 Nb6 15.Nb3 Bf5
16.d6 Nbd5 17.Bc5 Nxc3 18.bxc3 Nd5 19.Qxd5 Rxe2 20.Qc4 Rc2 21.Bd4 Qg5 22.Qf1 Bh3
23.Bf2 Rd8 24.Nc5 Bxc3 25.Ne4 Qxg2+ 26.Qxg2 Bxg2 27.Nxc3 Bxf3 28.Rd3 Bc6
29.Re1 Kf8 30.a3 Re8 31.Rde3 Rxe3 32.Rxe3 Rc1+ 33.Be1 Rc2 34.Ne2 g5 35.Nd4 Rg2+
36.Kf1 Rg4 37.Nxc6 bxc6 38.d7  1-0

[Event "16th Open"]
[Site "Ljubljana SLO"]
[Date "2005.07.11"]
[Round "4"]
[White "Stubljar,A"]
[Black "Srebrnic,V"]
[Result "0-1"]
[WhiteElo "2067"]
[BlackElo "2251"]

1.d4 d6 2.Nf3 Nf6 3.c4 g6 4.Nc3 Bg7 5.e4 O-O 6.Be2 e5 7.d5 a5 8.O-O Na6 9.Ne1 Nc5
10.f3 Nh5 11.Be3 Nf4 12.Nd3 Qg5 13.Nxf4 exf4 14.Bd4 Bd7 15.Bxg7 Kxg7 16.Qd4+ f6
17.Nd1 h5 18.Nf2 Rfe8 19.Nd3 b6 20.Qc3 h4 21.Kf2 Kf7 22.Qc1 Nxd3+ 23.Bxd3 Qe5
24.Qc3 Qxc3 25.bxc3 Re5 26.h3 Ke7 27.Ke2 f5 28.Kd2 Kf6 29.Rfe1 Rae8 30.Re2 fxe4
31.Rxe4 Rxe4 32.Bxe4 Re5 33.Re1 b5 34.Kd3 bxc4+ 35.Kxc4 c6 36.Rd1 cxd5+ 37.Bxd5 Re2
38.Rg1 Rxa2 39.Kd4 Rd2+ 40.Kc4 a4 41.Be4 a3  0-1

[Event "ch-Paris Open"]
[Site "Paris FRA"]
[Date "2005.07.11"]
[Round "3"]
[White "Amigues,E"]
[Black "Shchekachev,A"]
[Result "0-1"]
[WhiteElo "2317"]
[BlackElo "2570"]

1.d4 g6 2.c4 Bg7 3.e4 d6 4.Nc3 Nf6 5.Be2 O-O 6.Be3 e5 7.Nf3 Ng4 8.Bg5 f6
9.Bh4 Nc6 10.d5 Ne7 11.Nd2 Nh6 12.f3 g5 13.Bf2 f5 14.c5 Ng6 15.g3 fxe4 16.fxe4 Bh3
17.Be3 b6 18.cxd6 cxd6 19.Nf3 Ng4 20.Bxg5 Bf6 21.Bd2 Nf4 22.Bf1 Bxf1 23.Rxf1 Ng2+
24.Ke2 Qc8 25.Qa4 b5 26.Nxb5 Be7 27.Na3 Nf6 28.Ng5 Qg4+ 29.Kd3 Nd7 30.Ne6 Rf3+
31.Rxf3 Qxf3+ 32.Kc2 Rc8+ 33.Bc3 Qe2+ 34.Kc1 Ne3 35.Qd1 Qg4 36.Ng5  0-1

[Event "Magistral"]
[Site "Salamanca ESP"]
[Date "2005.07.11"]
[Round "2"]
[White "Zlotnik,B"]
[Black "Garcia Garcia,R"]
[Result "1-0"]
[WhiteElo "2434"]
[BlackElo "2343"]

1.d4 Nf6 2.c4 g6 3.Nc3 Bg7 4.e4 d6 5.Nf3 O-O 6.Be2 e5 7.d5 a5 8.Bg5 h6 9.Bh4 Na6
10.Nd2 Qe8 11.a3 Bd7 12.O-O Nh7 13.Kh1 Bf6 14.Bxf6 Nxf6 15.b3 Nh7 16.Rb1 f5
17.b4 axb4 18.axb4 Nf6 19.exf5 Bxf5 20.Rb3 Qe7 21.Re1 Kg7 22.Kg1 Rf7 23.Nf1 Raf8
24.Ng3 Bd7 25.Rb2 Qd8 26.h3 Qb8 27.Qa1 Qc8 28.Bf1 g5 29.Qa3 g4 30.h4 Qd8
31.c5 Nb8 32.b5 Nh7 33.cxd6  1-0

[Event "2nd S Wales Int"]
[Site "Caerleon WLS"]
[Date "2005.07.12"]
[Round "5"]
[White "Cobb,C"]
[Black "Radovanovic,J"]
[Result "1/2-1/2"]
[WhiteElo "2405"]
[BlackElo "2357"]

1.c4 g6 2.e4 Bg7 3.d4 d6 4.Nc3 Nf6 5.Nf3 O-O 6.Be2 e5 7.dxe5 dxe5 8.Qxd8 Rxd8
9.Bg5 Re8 10.Nd5 Nxd5 11.cxd5 c6 12.Bc4 b5 13.Bb3 Bb7 14.Rc1 a5 15.a4 Rc8
16.axb5 cxb5 17.Rxc8+ Bxc8 18.Kd2 a4 19.Ba2 a3 20.Rc1 Bd7 21.bxa3 Rxa3 22.Bb1 f6
23.Be3 Na6 24.Ne1 Bf8 25.Nd3 Bd6 26.Nc5 Nxc5 27.Bxc5 Bxc5 28.Rxc5 Kf7 29.Rc7 Ke7
30.Rb7 Kd6 31.Rb6+ Ke7 32.Rb7 Kd6 33.Rb6+ Ke7  1/2-1/2

[Event "Maccabiah GM"]
[Site "Jerusalem ISR"]
[Date "2005.07.12"]
[Round "2"]
[White "Szuhanek,R"]
[Black "Igla,B"]
[Result "1/2-1/2"]
[WhiteElo "2444"]
[BlackElo "2299"]

1.Nf3 g6 2.c4 Bg7 3.e4 d6 4.d4 Nf6 5.Nc3 O-O 6.Be2 e5 7.O-O Na6 8.Re1 c6
9.Rb1 exd4 10.Nxd4 Nc5 11.f3 a5 12.Be3 Qc7 13.Qd2 b6 14.b3 Bb7 15.a3 Rfd8
16.b4 axb4 17.axb4 Ne6 18.Bf1 Nf8 19.Rec1 Ne6 20.Nxe6 fxe6 21.e5 dxe5 22.Qf2 Nd7
23.Ne4 Ra3 24.Rd1 Rda8 25.Ng5 Re8 26.Ne4 Rea8 27.Rd2 Ra1 28.Rbd1 Rxd1 29.Rxd1 Ra4
30.Qh4 Nf8 31.Nf6+ Bxf6 32.Qxf6 Qg7 33.Qd8 Rxb4 34.Bxb6 Ra4 35.Ba5 Ba6 36.Qb6 Bxc4
37.Qxc6 Bb3 38.Rb1 Rxa5 39.Rxb3 Qa7+ 40.Qb6  1/2-1/2

[Event "16th Open"]
[Site "Ljubljana SLO"]
[Date "2005.07.12"]
[Round "6"]
[White "Paschall,W"]
[Black "Bratko,I"]
[Result "1/2-1/2"]
[WhiteElo "2399"]
[BlackElo "2135"]

1.Nf3 Nf6 2.c4 g6 3.Nc3 Bg7 4.e4 d6 5.d4 O-O 6.Be2 e5 7.O-O exd4 8.Nxd4 c6
9.Kh1 Re8 10.f3 d5 11.cxd5 cxd5 12.Bb5 Bd7 13.exd5 Bxb5 14.Ndxb5 a6 15.Na3 Nbd7
16.Nc4 Qc7 17.Ne3 Rad8 18.Ng4 Nxg4 19.fxg4 Be5 20.Qf3 Nb6 21.Bg5 f6 22.Bxf6 Bxf6
23.Qxf6 Nxd5 24.Nxd5 Rxd5 25.Rae1 Rdd8 26.h3 Qd7 27.Rd1 Qxd1 28.Qf7+ Kh8
29.Qxe8+ Rxe8 30.Rxd1 Re7 31.g5 Kg7 32.Rd6 Re5 33.Rd7+ Kg8 34.Rxb7 Rxg5 35.b4 a5
36.a3 Rd5 37.b5 a4 38.b6 Rb5 39.Kg1 h5 40.Kf2 Rb3 41.h4 Kf8 42.Rb8+ Kg7 43.b7 Kh7
44.g3 Kg7 45.Ke2 Kh7 46.Kd2 Kg7 47.Kc2 Kh7 48.Ra8 Rxb7 49.Rxa4 Re7 50.Rc4 g5
51.hxg5 Kg6 52.a4 Re5 53.Rc3 Kxg5 54.Ra3 Kg4 55.a5 Re7 56.a6 Ra7 57.Kd2 Kh3
58.Ke2 Kg2  1/2-1/2

[Event "16th Open"]
[Site "Ljubljana SLO"]
[Date "2005.07.13"]
[Round "7"]
[White "Gombac,Jan"]
[Black "Sedlak,N"]
[Result "1-0"]
[WhiteElo "2283"]
[BlackElo "2518"]

1.d4 g6 2.c4 Bg7 3.Nf3 d6 4.Nc3 Nf6 5.e4 O-O 6.Be2 e5 7.d5 a5 8.Bg5 Na6 9.O-O Qe8
10.Ne1 h5 11.Nd3 Bd7 12.f3 Nh7 13.Be3 b6 14.a3 a4 15.Nb5 f5 16.Qxa4 g5 17.Nb4 f4
18.Bf2 g4 19.Nxa6 g3 20.Qb3 Qd8 21.hxg3 fxg3 22.Bxg3 Qg5 23.Bh2 Rxa6 24.Nxc7 Ba4
25.Qb4 Qe3+ 26.Rf2 Ng5 27.Nxa6 Nxe4 28.Qe1 Ng5 29.Bf1 Qd4 30.Qd2 Qh4 31.g3 Nh3+
32.Kg2 Qf6 33.Kxh3 e4 34.f4 e3 35.Qxe3 Re8 36.Qd2 Re4 37.Re1 Rd4 38.Qe3 Bd7+
39.Kg2 h4 40.Nc7 hxg3 41.Bxg3 Bf5 42.Qe8+ Kh7 43.Qh5+ Bh6 44.Ne8 Qf8 45.Re6  1-0

[Event "16th Open"]
[Site "Ljubljana SLO"]
[Date "2005.07.13"]
[Round "7"]
[White "Nikolov,Sas"]
[Black "Srebrnic,M"]
[Result "1-0"]
[WhiteElo "2400"]
[BlackElo "2238"]

1.d4 Nf6 2.c4 g6 3.Nc3 Bg7 4.e4 d6 5.Nf3 O-O 6.Be2 e5 7.O-O Na6 8.Be3 Ng4
9.Bg5 f6 10.Bh4 g5 11.Bg3 Nh6 12.h3 c6 13.c5 exd4 14.Bxa6 dxc3 15.Qb3+ Kh8
16.Bxb7 Bxb7 17.Qxb7 dxc5 18.bxc3 f5 19.Rad1 Qe8 20.Rd7 Rf7 21.Rxf7 Nxf7
22.exf5 Bxc3 23.Rc1 Bg7 24.Re1 Qf8 25.Re7  1-0

[Event "Maccabiah GM"]
[Site "Jerusalem ISR"]
[Date "2005.07.14"]
[Round "4"]
[White "Axelrod,A"]
[Black "Igla,B"]
[Result "1-0"]
[WhiteElo "2234"]
[BlackElo "2299"]

1.d4 Nf6 2.c4 g6 3.Nc3 Bg7 4.e4 O-O 5.Nf3 d6 6.Be2 e5 7.d5 a5 8.Be3 Ng4 9.Bg5 f6
10.Bh4 Na6 11.Nd2 Nh6 12.f3 Qe8 13.a3 Bd7 14.b3 f5 15.Rb1 c5 16.dxc6 bxc6
17.b4 axb4 18.axb4 Be6 19.b5 Nc5 20.bxc6 Qxc6 21.Nd5 Bxd5 22.cxd5 Qc7 23.Qc2 Rfc8
24.O-O Ra7 25.Rfc1 fxe4 26.fxe4 Qd7 27.h3 Rca8 28.Bf2 Ra2 29.Rb2 Rxb2 30.Qxb2 Nf7
31.Bg4 Qa4 32.Bxc5 dxc5 33.Be6 Bh6 34.Rf1 Ra7 35.Nf3 Be3+ 36.Kh2 Bf4+ 37.g3 Qxe4
38.gxf4 Qxf4+ 39.Kg2 Kg7 40.Nxe5  1-0

[Event "16th Open"]
[Site "Ljubljana SLO"]
[Date "2005.07.14"]
[Round "8"]
[White "Jovanic,O"]
[Black "Biti,O"]
[Result "1-0"]
[WhiteElo "2447"]
[BlackElo "2340"]

1.d4 d6 2.Nf3 g6 3.c4 Bg7 4.e4 Nf6 5.Nc3 O-O 6.Be2 e5 7.Be3 Na6 8.O-O h6
9.dxe5 Ng4 10.Qc1 Nxe3 11.Qxe3 dxe5 12.Rfd1 Bd7 13.Rd2 Nb8 14.Rad1 c6 15.c5 Qe7
16.Bc4 Bc8 17.Rd6 Kh7 18.b4 Qc7 19.Na4 Bg4 20.h3 Bxf3 21.Qxf3 b5 22.cxb6 axb6
23.Bb3 Ra7 24.Qe3 Rb7 25.Nc3 b5 26.h4 h5 27.Ne2 Qe7 28.Qh3 Bf6 29.g3 Kg7
30.Kg2 Qc7 31.g4 Be7 32.R6d3 hxg4 33.Qxg4 Qc8 34.Qg3 Rh8 35.Rf3 Bxh4 36.Qxe5+ f6
37.Qc3 Qg4+ 38.Kf1 Qxe4 39.Nf4 Re8 40.Rd4 Qb1+ 41.Kg2 Rbe7 42.Bc2 Qe1 43.Qd3 f5
44.Nxg6 Re4 45.Nxh4 Kh7 46.Nxf5 Rg8+ 47.Ng3  1-0

[Event "Aegean Open"]
[Site "Kirykos GRE"]
[Date "2005.07.15"]
[Round "4"]
[White "Nikolaidis,I"]
[Black "Klokas,K"]
[Result "1-0"]
[WhiteElo "2522"]
[BlackElo "2258"]

1.d4 Nf6 2.c4 g6 3.Nc3 Bg7 4.e4 d6 5.Be2 O-O 6.Nf3 e5 7.d5 a5 8.Be3 Ng4 9.Bg5 f6
10.Bd2 f5 11.Ng5 Nf6 12.exf5 Bxf5 13.g4 Bd7 14.h4 Na6 15.h5 Nc5 16.hxg6 hxg6
17.Be3 b6 18.Bxc5 bxc5 19.Qd3 e4 20.Qh3 Re8 21.Ne6 Rxe6 22.dxe6 Bxe6 23.Qe3 Rb8
24.g5 Nd7 25.Qxe4 Bf7 26.f4 Rxb2 27.Rc1 c6 28.Rh3 Nb6 29.Re3 d5 30.Qe7 Qxe7
31.Rxe7 Rb4 32.Rc7 Nxc4 33.Rxc6 Ne3 34.Rxc5 Ng2+ 35.Kd2 Bd4 36.Rc8+ Kg7 37.Rf1 Be3+
38.Kc2 Bxf4 39.Nd1 Be6 40.Rc6 Bf5+ 41.Bd3 Bxd3+ 42.Kxd3 Bxg5 43.Rc7+ Kh6
44.Nc3 Nf4+ 45.Kc2 Kh5 46.Rc8 Rc4 47.Rxc4 dxc4 48.Ne4 Ng2 49.Rb1 Bd8 50.Rb8 Be7
51.Rb5+ Kg4 52.Rxa5 Kf4 53.Nc3 Ne3+ 54.Kd2 Bb4 55.Rb5 Nf1+ 56.Kc2 Ne3+ 57.Kb2 Be7
58.Nd5+ Nxd5 59.Rxd5 Bf6+ 60.Kc2 g5 61.a4 Ke4 62.Rd1 Bd4 63.a5 g4 64.Rxd4+ Kxd4
65.a6  1-0

[Event "ITT"]
[Site "Vicente Lopez ARG"]
[Date "2005.07.15"]
[Round "2"]
[White "Flores,Di"]
[Black "Prates,F"]
[Result "1-0"]
[WhiteElo "2513"]
[BlackElo "2265"]

1.Nf3 Nf6 2.c4 g6 3.Nc3 Bg7 4.e4 d6 5.d4 O-O 6.Be2 e5 7.d5 a5 8.Bg5 h6 9.Bh4 Na6
10.Nd2 Bd7 11.Rb1 Qe8 12.b3 Nc5 13.a3 g5 14.Bg3 Nfxe4 15.Ndxe4 Nxe4 16.Nxe4 f5
17.Bd3 fxe4 18.Bxe4 h5 19.f3 g4 20.O-O Qe7 21.fxg4 Bxg4 22.Qd3 Bh6 23.h3 Bd7
24.b4 axb4 25.axb4 Qg5 26.Kh1 Kg7 27.c5 Qe3 28.Rxf8 Rxf8 29.Bh4 Rf7 30.b5 Qxd3
31.Bxd3 dxc5 32.b6 c6 33.Be4 Bc8 34.dxc6 bxc6 35.Bxc6 Bb7 36.Be8 Rf8 37.Bxh5 c4
38.Bg3 e4 39.Rd1 Be3 40.Be2 c3 41.Be5+ Kg6 42.Bxc3 Rf2 43.Rd6+ Kg5 44.h4+ Kxh4
45.Be1  1-0

[Event "Andorra Open"]
[Site "Andorra la Vella AND"]
[Date "2005.07.16"]
[Round "8"]
[White "Peralta,Fe"]
[Black "Maze,S"]
[Result "1/2-1/2"]
[WhiteElo "2553"]
[BlackElo "2494"]

1.d4 Nf6 2.c4 g6 3.Nc3 Bg7 4.e4 d6 5.Nf3 O-O 6.Be2 e5 7.Be3 c6 8.d5 Na6 9.O-O Ng4
10.Bg5 f6 11.Bh4 c5 12.Ne1 h5 13.h3 Nh6 14.Nd3 Nc7 15.b4 b6 16.bxc5 bxc5
17.Rb1 Ne8 18.f4 g5 19.fxg5 fxg5 20.Rxf8+ Bxf8 21.Be1 g4 22.h4 g3 23.Bxg3 Ng4
24.Bxg4 Bxg4 25.Qd2 Qf6 26.Qg5+ Qxg5 27.hxg5 Be7 28.Bh4 Bd8 29.Nf2 Bc8 30.Ncd1 Kg7
31.Rb3 Kg6 32.Kf1 Ba6 33.Ne3 Bxg5 34.Bxg5 Kxg5 35.Ke2 Nf6 36.g3 Bc8 37.Kf3 Kg6
38.Kg2 Kg5 39.Kf3 Kg6 40.Ke2  1/2-1/2

[Event "ACT Open"]
[Site "Amsterdam NED"]
[Date "2005.07.17"]
[Round "2"]
[White "Cheparinov,I"]
[Black "Gullaksen,E"]
[Result "1/2-1/2"]
[WhiteElo "2634"]
[BlackElo "2382"]

1.d4 Nf6 2.c4 g6 3.Nc3 Bg7 4.e4 d6 5.Nf3 O-O 6.Be2 e5 7.Be3 Ng4 8.Bg5 f6
9.Bc1 exd4 10.Nxd4 f5 11.h3 Nh6 12.Bxh6 Bxh6 13.exf5 gxf5 14.O-O Na6 15.Qc2 c6
16.Rad1 Qf6 17.a3 Nc7 18.b4 Bf4 19.Qd3 Ne6 20.Nxe6 Bxe6 21.b5 Be5 22.Rc1 Qh4
23.Qe3 c5 24.Qf3 Rf7 25.Nd5 Kh8 26.Qh5 Qxh5 27.Bxh5 Bxd5 28.cxd5 Rc7 29.Rc4 Kg7
30.Re1 f4 31.Kf1 b6 32.a4 Kh6 33.Bf3 Kg5 34.Rxe5+ dxe5 35.d6 Rcc8 36.Rc1 Rf8
37.d7 Rad8 38.Rd1 Rf7 39.Bc6 e4 40.Ke2 Kf5 41.g4+ fxg3 42.fxg3 Rg7 43.g4+ Ke6
44.Ke3 Rdxd7 45.Bxd7+ Rxd7 46.Rxd7 Kxd7 47.Kxe4 Ke6 48.h4 h6 49.Kf4  1/2-1/2